<?xml version="1.0" encoding="UTF-8"?>
<collection xmlns="http://www.loc.gov/MARC21/slim">
 <record>
  <leader>00803pamaa2200217   4500</leader>
  <controlfield tag="001">0000018485</controlfield>
  <controlfield tag="005">20060418090000.0</controlfield>
  <datafield tag="020" ind1="0" ind2="0">
   <subfield code="a">0300059302 (pbk.) </subfield>
  </datafield>
  <datafield tag="082" ind1=" " ind2=" ">
   <subfield code="a">570.1 GLO 1992</subfield>
  </datafield>
  <datafield tag="090" ind1="0" ind2="0">
   <subfield code="a">QH543 </subfield>
   <subfield code="b">GLO 1992</subfield>
  </datafield>
  <datafield tag="245" ind1="0" ind2="0">
   <subfield code="a">GLOBAL warming and biological diversity  </subfield>
   <subfield code="c">edited by Robert L. Peters and Thomas E. Lovejoy.</subfield>
  </datafield>
  <datafield tag="260" ind1="0" ind2="0">
   <subfield code="a">New Haven: </subfield>
   <subfield code="b">Yale University Press, </subfield>
   <subfield code="c">c1992.</subfield>
  </datafield>
  <datafield tag="300" ind1=" " ind2=" ">
   <subfield code="a">xxi, 386p.: </subfield>
   <subfield code="b">ill., maps; </subfield>
   <subfield code="c">26cm.</subfield>
  </datafield>
  <datafield tag="650" ind1="0" ind2="0">
   <subfield code="a">Global warming -- </subfield>
   <subfield code="x">Congresses </subfield>
  </datafield>
  <datafield tag="650" ind1="0" ind2="0">
   <subfield code="a">Bioclimatology -- </subfield>
   <subfield code="x">Congresses </subfield>
  </datafield>
  <datafield tag="650" ind1="0" ind2="0">
   <subfield code="a">Biological diversity conservation -- </subfield>
   <subfield code="x">Congresses </subfield>
  </datafield>
  <datafield tag="650" ind1="0" ind2="0">
   <subfield code="a">Greenhouse effect, Atmospheric -- </subfield>
   <subfield code="x">Congresses </subfield>
  </datafield>
  <datafield tag="650" ind1="0" ind2="0">
   <subfield code="a">Biological diversity -- </subfield>
   <subfield code="x">Congresses </subfield>
  </datafield>
  <datafield tag="650" ind1="0" ind2="0">
   <subfield code="a">Climatic changes -- </subfield>
   <subfield code="x">Congresses </subfield>
  </datafield>
  <datafield tag="700" ind1="1" ind2="1">
   <subfield code="a">Peters, </subfield>
   <subfield code="h">Robert L. </subfield>
  </datafield>
  <datafield tag="700" ind1="1" ind2="1">
   <subfield code="a">Lovejoy, </subfield>
   <subfield code="h">Thomas E. </subfield>
  </datafield>
 </record>
</collection>
